[Event "Individual Nordic Chess Championship"]
[Site "?"]
[Date "2025.10.12"]
[Round "4"]
[White "Wu, Maya"]
[Black "Engstrøm, Olle"]
[Result "0-1"]
[WhiteElo "1568"]
[BlackElo "1653"]
[PlyCount "66"]
[EventDate "2025.??.??"]

1. e4 c5 2. c3 d5 3. exd5 Qxd5 4. d4 cxd4 5. cxd4 Nc6 6. Nf3 Bg4 7. Be2 e6 8.
Nc3 Bb4 9. h3 Bh5 10. O-O Bxc3 11. bxc3 Nf6 12. Ba3 O-O-O 13. Qc2 Bg6 14. Qb2
Rhe8 15. Rad1 Ne4 16. Rb1 b6 17. Rbc1 Kb7 18. Rfd1 Nf6 19. Ne5 Nxe5 20. dxe5
Qxe5 21. Bb5 Rxd1+ 22. Rxd1 Rc8 23. Qb4 Nd5 24. Qa4 a5 25. c4 Nc3 26. Rd7+ Rc7
27. Bd6 Qe1+ 28. Kh2 Rxd7 29. Bc6+ Ka7 30. Qa3 Ne2 31. h4 Qg1+ 32. Kh3 Bf5+ 33.
g4 Bxg4# 0-1

[Event "Individual Nordic Chess Championship"]
[Site "?"]
[Date "2025.10.12"]
[Round "5"]
[White "Ferdinandsen, Christian"]
[Black "Bjørn, Finn"]
[Result "1-0"]
[WhiteElo "1530"]
[BlackElo "1545"]
[PlyCount "51"]
[EventDate "2025.??.??"]

1. c4 Nf6 2. d4 b6 3. Nf3 Bb7 4. e3 e6 5. Be2 d5 6. O-O dxc4 7. Bxc4 Bd6 8.
Nbd2 Ng4 9. h3 Nf6 10. Qc2 h6 11. e4 Be7 12. Qd3 Nc6 13. Bb5 O-O 14. Bxc6 Bxc6
15. Re1 g5 16. e5 Nd5 17. a3 Nf4 18. Qc2 Bd5 19. Ne4 Rc8 20. Bxf4 gxf4 21. Qd2
Bg5 22. Nfxg5 hxg5 23. h4 f5 24. exf6 Bxe4 25. Rxe4 Rxf6 26. hxg5 1-0

[Event "Individual Nordic Chess Championship"]
[Site "?"]
[Date "2025.10.12"]
[Round "5"]
[White "Javvi, Kourosh"]
[Black "Bolme, Magne O."]
[Result "1-0"]
[WhiteElo "1610"]
[BlackElo "1413"]
[PlyCount "81"]
[EventDate "2025.??.??"]

1. d4 f5 2. Bf4 Nf6 3. h3 e6 4. Nd2 d5 5. Ngf3 Bd6 6. Ne5 Nbd7 7. Ndf3 h6 8. e3
Ne4 9. c3 Nxe5 10. Nxe5 Bxe5 11. Qh5+ Kd7 12. Bxe5 Nf6 13. Qg6 Qf8 14. Be2 h5
15. Qg3 h4 16. Qh2 a6 17. Bxc7 b5 18. Bb6 Qd6 19. Qxd6+ Kxd6 20. Bc5+ Kc6 21.
a4 Bb7 22. f3 Nd7 23. b4 Nxc5 24. bxc5 Rhe8 25. f4 Rf8 26. Kf2 g5 27. Rab1 Kc7
28. axb5 axb5 29. Rxb5 Bc6 30. Rb6 Rab8 31. Rhb1 Rxb6 32. Rxb6 Rg8 33. fxg5
Rxg5 34. Bf3 Be8 35. Rxe6 Kd7 36. Bxd5 Kd8 37. Rf6 f4 38. Rd6+ Ke7 39. exf4 Rg3
40. Bf3 Rg8 41. Rh6 1-0

[Event "Individual Nordic Chess Championship"]
[Site "?"]
[Date "2025.10.12"]
[Round "5"]
[White "Nielsen, Tommy"]
[Black "Høyem, Erik August Arnet"]
[Result "1-0"]
[WhiteElo "2109"]
[BlackElo "1419"]
[PlyCount "59"]
[EventDate "2025.??.??"]

1. e4 d6 2. d4 Nf6 3. Nc3 g6 4. Be2 Bg7 5. Be3 O-O 6. h4 Nbd7 7. h5 e5 8. d5
Re8 9. hxg6 fxg6 10. Bh6 Bxh6 11. Rxh6 Kg7 12. Rh1 h5 13. Qd2 Nc5 14. f3 Bd7
15. g4 Rh8 16. gxh5 Rxh5 17. Rxh5 Nxh5 18. O-O-O c6 19. dxc6 Bxc6 20. Qxd6 Qxd6
21. Rxd6 Ng3 22. b4 Nxe2+ 23. Ngxe2 Nd7 24. b5 Nb6 25. bxc6 bxc6 26. Rxc6 Rf8
27. Rc7+ Kg8 28. Ng1 Ra8 29. Nd5 Rc8 30. Ne7+ 1-0

[Event "Individual Nordic Chess Championship"]
[Site "?"]
[Date "2025.10.12"]
[Round "5"]
[White "Perttula, Juha"]
[Black "Johansson, Tage"]
[Result "0-1"]
[WhiteElo "1929"]
[BlackElo "1974"]
[PlyCount "82"]
[EventDate "2025.??.??"]

1. e4 e6 2. d4 d5 3. Nc3 Nf6 4. Bg5 Be7 5. e5 Nfd7 6. h4 a6 7. Qg4 f5 8. Qg3 c5
9. dxc5 Nxc5 10. Nf3 Nc6 11. Bd3 b5 12. O-O-O Bb7 13. Bxf5 b4 14. Nxd5 exd5 15.
h5 Bc8 16. Bxe7 Qxe7 17. Bxh7 Be6 18. Bg6+ Kd7 19. Ng5 Kc7 20. f4 Raf8 21. Qe3
d4 22. Qd2 Bg4 23. Rde1 Ne6 24. Nxe6+ Qxe6 25. Kb1 Bf5 26. Bxf5 Qxf5 27. Qe2
Kb6 28. g3 Rd8 29. Rd1 a5 30. a4 bxa3 31. bxa3 Qf8 32. Ka2 Qf7+ 33. Ka1 Qd5 34.
Qd3 Kc7 35. Rb1 Rb8 36. Qg6 Qc5 37. Qd3 Ne7 38. Rhd1 Nd5 39. Rb3 Rxb3 40. Qxb3
Rb8 41. Qd3 Nc3 0-1

[Event "Individual Nordic Chess Championship"]
[Site "?"]
[Date "2025.10.12"]
[Round "5"]
[White "Strand, Magnus"]
[Black "Smedsrud, Petter"]
[Result "0-1"]
[WhiteElo "1749"]
[BlackElo "1901"]
[PlyCount "80"]
[EventDate "2025.??.??"]

1. e4 c6 2. d4 d5 3. Nc3 dxe4 4. Nxe4 Bf5 5. Ng3 Bg6 6. Nf3 Nd7 7. Bd3 e6 8.
O-O Ngf6 9. h3 Bd6 10. Be3 Qc7 11. Ne2 Bxd3 12. Qxd3 O-O 13. c3 Rfd8 14. Kh1 c5
15. Rac1 cxd4 16. Nexd4 Ne5 17. Nxe5 Bxe5 18. Qc2 Nd5 19. Qe2 Nxe3 20. fxe3
Rac8 21. Rfd1 a6 22. Nf3 Bf6 23. Rxd8+ Rxd8 24. Rd1 g6 25. Rd3 Kf8 26. e4 Rxd3
27. Qxd3 Ke8 28. Qe2 Be5 29. Nxe5 Qxe5 30. Qc2 Ke7 31. Kg1 Qc5+ 32. Kf1 Qc4+
33. Kf2 Qxa2 34. Kf3 Qc4 35. b3 Qc6 36. b4 f5 37. c4 Qxe4+ 38. Qxe4 fxe4+ 39.
Kxe4 Kd6 40. h4 b6 0-1

[Event "Individual Nordic Chess Championship"]
[Site "Hurdal, Norway"]
[Date "2025.10.12"]
[Round "5"]
[White "Thomsson, Håkan"]
[Black "Holmela, Kari"]
[Result "0-1"]
[WhiteElo "1824"]
[BlackElo "1852"]
[PlyCount "29"]
[EventDate "2025.??.??"]

1. e4 d6 2. d4 Nf6 3. Nc3 c6 4. Bd3 e5 5. Nge2 Be7 6. h3 O-O 7. Be3 b5 8. a3
Nbd7 9. O-O Nb6 10. b3 Be6 11. f4 exf4 12. Nxf4 Qd7 13. e5 Nfd5 14. Ncxd5 Nxd5
15. Nxe6 (15. Nxd5 cxd5 16. Qh5 g6 17. Qh6 Rfe8 18. Rxf7 Bxf7 19. Rf1 Bf8 20.
Qg5 dxe5 21. dxe5 Bg7 22. Bd4 a6 23. h4 Qe7 24. Qg3 Bxe5 25. Bxe5 Qxe5 26. Qf3
Qe3+) 0-1

[Event "Individual Nordic Chess Championship"]
[Site "?"]
[Date "2025.10.12"]
[Round "5"]
[White "Vik, Olav"]
[Black "Gränsmark, Patrik"]
[Result "0-1"]
[WhiteElo "1631"]
[BlackElo "1772"]
[PlyCount "92"]
[EventDate "2025.??.??"]

1. e4 d6 2. Nf3 Nf6 3. Nc3 e5 4. d4 exd4 5. Nxd4 Be7 6. Be2 O-O 7. O-O Re8 8.
Nf3 Bf8 9. Bd3 Bg4 10. Re1 h6 11. h3 Bh5 12. Bf4 Nbd7 13. Bc4 Ne5 14. Bxe5 dxe5
15. Qxd8 Raxd8 16. Be2 Bb4 17. Nh2 Bxe2 18. Rxe2 Bxc3 19. bxc3 Nh7 20. Nf1 Rd7
21. Rd2 Red8 22. Rad1 Rxd2 23. Rxd2 Rxd2 24. Nxd2 Ng5 25. f3 Ne6 26. Kf2 f6 27.
h4 Kf7 28. Nb3 b6 29. Ke3 Ke7 30. g3 Kd6 31. c4 a5 32. a4 Nc5 33. Nxc5 Kxc5 34.
Kd3 Kb4 35. c5 Kxc5 36. Kc3 c6 37. f4 b5 38. axb5 cxb5 39. fxe5 fxe5 40. Kb3
Kd4 41. c3+ Kxe4 42. c4 bxc4+ 43. Kxc4 Kf3 44. Kb5 Kxg3 45. Kxa5 Kxh4 46. Kb4
Kg3 0-1

[Event "Individual Nordic Chess Championship"]
[Site "Hurdal, Norway"]
[Date "2025.10.12"]
[Round "5"]
[White "Wikman, Bengt"]
[Black "Arnøy, Noah"]
[Result "1/2-1/2"]
[WhiteElo "1736"]
[BlackElo "1592"]
[PlyCount "36"]
[EventDate "2025.??.??"]

1. e4 e5 2. Bc4 Nf6 3. Nc3 Bc5 4. Nf3 Nc6 {C50 Four Knights Game: Italian
Variation} 5. O-O O-O 6. d3 h6 7. Be3 Bb4 8. Re1 Bxc3 9. bxc3 d5 10. exd5 Nxd5
11. Bc5 Re8 12. Bxd5 Qxd5 13. Ba3 Bf5 14. Nh4 e4 15. Nxf5 Qxf5 16. dxe4 Rxe4
17. Qd3 Rae8 18. Rxe4 Qxe4 1/2-1/2